00603nam a22001817a 4500003000400000008004100004082001800045100004600063245002900109260007700138300001000215650001800225650001600243650001000259942001200269999001700281952012300298OSt241203b |||||||| |||| 00| 0 eng d a630.716bI-2N aICAR Research complex for N. E. H. Region aAnnual Report, 2005 - 06 a.- Umiam, Meghalayab: ICAR Research complex for N. E. H. Regionc, 2006 a165p. aAnnual Report aAgriculture aUmiam 2ddccRP c47245d47245 00102ddc4070aRAUbRAUd2024-12-03eICAR, Meghalayag0.00l0o630.716 I-2Np60267r2024-12-03w0000-00-00yRPkGift